000 00876nam a2200289 i 4500
003 DO-SdBNP
005 20250218125615.0
007 ta
008 240703b2008 sp ||||| |||| 00| 0 spa d
020 _a9788466318457
040 _aDO-SdBNP
_bspa
_cBNPHU
_erda
082 4 _222
100 1 _aSaramago, José,
_d1922-2010
_eautor
_912950
245 1 0 _aEl evangelio según Jesucristo /
_cJosé Saramago ; traductor, Basilio Losada
250 _a4a. edición
264 _aEspaña :
_bPunto de Lectura,
_c2008.
300 _a492 páginas ;
_c18 cm.
336 _2rdacontent
_atexto
_btxt
337 _2rdamedia
_asin mediación
_bn
338 _2rdacarrier
_avolumen
_bnc
490 _aPunto de Lectura
_v3
586 _aNobel de Literatura 1998
590 _aInventariado, 2024/BT
700 1 _aLosada, Basilio,
_etraductor
_912953
910 _abtavárez
942 _2ddc
_cLBS1
999 _c57125
_d57125